Grammar 1

Gorde:
Xehetasun bibliografikoak
Egile nagusia: Võ Thao Ly
Formatua: Liburua
Hizkuntza:English
Argitaratua: ĐHNN
Gaiak:
Etiketak: Etiketa erantsi
Etiketarik gabe, Izan zaitez lehena erregistro honi etiketa jartzen!
Thư viện lưu trữ: Mạng thư viện Đại học Đà Nẵng
LEADER 00980nam a22003251a 4500
001 000035363
003 11641
005 20151207000000.0
008 151207s0 000 eng
041 |a eng 
082 |a 420.4  |b VO-L 
100 |a Võ Thao Ly 
245 |a Grammar 1  |c Võ Thao Ly 
260 |a ĐHNN 
300 |a 136tr . : mh ; 30cm 
650 |a Grammar 1, Grammar, Võ Thao Ly 
852 |b Chuyên đề  |c Giáo trình 
OWN |a LNN 
AVA |a UDN50  |b LNN  |d 420.4 VO-L  |e available  |t Error 5001 Not defined in file expand_doc_bib_avail.  |f 1  |g 0  |h N  |i 0  |k 1 
999 |a From the UDN01 
AVA |a UDN50  |b LNN  |d 420.4 VO-L  |e available  |t Error 5001 Not defined in file expand_doc_bib_avail.  |f 1  |g 0  |h N  |i 0  |k 1 
TYP |a Monograph 
TYP |a Printed language 
980 |a Mạng thư viện Đại học Đà Nẵng